000 00219 a2200097 4500
020 _a9788434842113
041 _aspa
100 _aBilioteca Interactiva mundo maravilloso
245 _aLos teatros del mundo
942 _cREF
999 _c30409
_d30407